[Event "Weekend A Autunno"]
[Site "Torino ITA"]
[Date "2006.11.??"]
[Round "6"]
[White "Masi, Adamo"]
[Black "Mori, Andrea"]
[Result "1-0"]
[WhiteElo "1874"]
[BlackElo "2034"]
[PlyCount "101"]
[EventDate "2006.10.28"]

1. Nf3 c5 2. c4 Nc6 3. g3 g6 4. Bg2 Bg7 5. Nc3 e5 6. d3 Nge7 7. Bg5 d6 8. Nd5
h6 9. Bxe7 Nxe7 10. Nd2 O-O 11. Rb1 Rb8 12. a3 Nxd5 13. Bxd5 Qa5 14. O-O a6 15.
Qc1 Bh3 16. b4 cxb4 17. axb4 Qa4 18. Bg2 Bxg2 19. Kxg2 Rfc8 20. Qd1 Qc6+ 21. e4
f5 22. b5 Qd7 23. Qb3 Ra8 24. Rb2 Kh7 25. Ra1 a5 26. b6 Ra6 27. Qb5 Qxb5 28.
Rxb5 a4 29. Rb4 Rc6 30. Raxa4 Raxb6 31. Rb5 Bf6 32. Rab4 Bd8 33. f3 Kg7 34. Nb1
Rxb5 35. Rxb5 Rb6 36. Nc3 Rxb5 37. Nxb5 Be7 38. g4 Kf6 39. Nc7 Bd8 40. Nd5+ Ke6
41. Kf2 fxe4 42. fxe4 h5 43. h3 Bh4+ 44. Kf3 Bd8 45. Nc3 Kd7 46. Nd5 Kc6 47.
gxh5 gxh5 48. Ne3 b5 49. cxb5+ Kxb5 50. Nf5 Kc5 51. Ng7 1-0

[Event "Weekend A Autunno"]
[Site "Torino ITA"]
[Date "2006.11.??"]
[Round "6"]
[White "Sattanino, Andrea"]
[Black "Xausa, Flavio"]
[Result "0-1"]
[WhiteElo "1701"]
[BlackElo "2088"]
[PlyCount "102"]
[EventDate "2006.10.28"]

1. d4 Nf6 2. c4 c5 3. dxc5 Na6 4. Nc3 Nxc5 5. b3 g6 6. Bb2 Bg7 7. Nf3 O-O 8. e3
Nfe4 9. Qc2 Qa5 10. Nd4 Nxc3 11. Bxc3 Qc7 12. Nb5 Qb8 13. Bxg7 Kxg7 14. Be2 a6
15. Nc3 Qe5 16. O-O b6 17. Bf3 Rb8 18. Rad1 d6 19. Rd2 Be6 20. Rfd1 Rfc8 21.
Ne2 b5 22. Bd5 bxc4 23. bxc4 Bg4 24. Rb1 Bxe2 25. Rxe2 e6 26. Bf3 Rxb1+ 27.
Qxb1 Na4 28. Rc2 Rb8 29. Qd1 Nc3 30. Qd2 Rb1+ 31. Rc1 Rxc1+ 32. Qxc1 Nxa2 33.
Qb1 Qc3 34. Be2 Qc1+ 35. Qxc1 Nxc1 36. Bf3 a5 37. Bc6 Nb3 38. Kf1 Nd2+ 39. Ke2
Nxc4 40. Bb5 d5 41. Kd3 Ne5+ 42. Ke2 Kf6 43. h3 Ke7 44. f4 Nc4 45. Kd3 Nb6 46.
Kc3 f6 47. g3 Kd6 48. Kb3 Nc4 49. Bxc4 a4+ 50. Kxa4 dxc4 51. Kb4 Kd5 0-1

[Event "Weekend A Autunno"]
[Site "Torino ITA"]
[Date "2006.11.??"]
[Round "7"]
[White "Araniti, Michelangelo"]
[Black "Llupa, Oltjon"]
[Result "0-1"]
[WhiteElo "1766"]
[BlackElo "1966"]
[PlyCount "62"]
[EventDate "2006.10.28"]

1. Nf3 d5 2. d4 e6 3. Bf4 Nf6 4. h3 Nbd7 5. e3 c5 6. c3 a6 7. Bd3 b5 8. Nbd2
Bb7 9. O-O Be7 10. Re1 Ne4 11. Ne5 Nxe5 12. Bxe5 f6 13. Bh2 O-O 14. f3 Ng5 15.
h4 Nf7 16. g4 e5 17. h5 Bd6 18. Qc2 Ng5 19. Bf5 exd4 20. cxd4 cxd4 21. exd4 Bc8
22. a3 Bxh2+ 23. Kxh2 Qd6+ 24. Kg2 Qf4 25. Bxc8 Raxc8 26. Qd3 f5 27. Qe3 fxg4
28. Qxf4 Rxf4 29. Rac1 Rcf8 30. fxg4 Rxg4+ 31. Kh1 Rxd4 0-1

[Event "Weekend A Autunno"]
[Site "Torino ITA"]
[Date "2006.11.??"]
[Round "7"]
[White "Biancotti, Alessandro"]
[Black "Abbura', Davide"]
[Result "1/2-1/2"]
[WhiteElo "1916"]
[BlackElo "1676"]
[PlyCount "86"]
[EventDate "2006.10.28"]

1. e4 e6 2. d4 d5 3. Nd2 dxe4 4. Nxe4 Bd7 5. Nf3 Bc6 6. Bd3 Nf6 7. Bg5 Be7 8.
Ned2 Nbd7 9. O-O Bxf3 10. Qxf3 c6 11. Rfe1 O-O 12. Qg3 Nh5 13. Bxe7 Qxe7 14.
Qh3 Nhf6 15. g4 g6 16. c4 Qd6 17. Nb3 Qf4 18. f3 Rfe8 19. Qg2 Re7 20. g5 Nh5
21. Re4 Qc7 22. Qd2 e5 23. Rae1 Rae8 24. Bc2 Nb6 25. c5 Nd5 26. Qa5 Qd7 27.
dxe5 Ndf4 28. Qd2 Qf5 29. h4 Rd7 30. Qh2 Nh3+ 31. Kg2 N5f4+ 32. Kh1 Red8 33.
Rc4 Qe6 34. Rxf4 Nxf4 35. Qxf4 Qh3+ 36. Kg1 b6 37. Re4 Rd1+ 38. Bxd1 Rxd1+ 39.
Kf2 Qf1+ 40. Kg3 Qg1+ 41. Kh3 Qh1+ 42. Kg3 Qg1+ 43. Kh3 Qh1+ 1/2-1/2

[Event "Weekend A Autunno"]
[Site "Torino ITA"]
[Date "2006.11.??"]
[Round "7"]
[White "Damia, Angelo"]
[Black "Fortino, Fabrizio"]
[Result "1/2-1/2"]
[WhiteElo "2099"]
[BlackElo "2057"]
[PlyCount "61"]
[EventDate "2006.10.28"]

1. e4 c5 2. a3 Nf6 3. e5 Nd5 4. c4 Nc7 5. b4 cxb4 6. axb4 Nc6 7. b5 Nxe5 8. d4
Ng6 9. h4 e6 10. h5 Ne7 11. Bf4 b6 12. Qf3 d5 13. g4 e5 14. Bxe5 Ne6 15. Bg2
Bb7 16. Ne2 Qd7 17. Nbc3 f6 18. cxd5 Ng5 19. Qe3 Qxg4 20. Bg3 Kf7 21. Qf4 Qxf4
22. Nxf4 Nf5 23. Nce2 Bb4+ 24. Kf1 Bd6 25. Ne6 Bxg3 26. Nxg3 Nd6 27. Nc7 Rac8
28. Ne6 Ra8 29. Nc7 Rac8 30. Ne6 Ra8 31. Nc7 1/2-1/2

[Event "Weekend A Autunno"]
[Site "Torino ITA"]
[Date "2006.11.??"]
[Round "7"]
[White "Fasano, Domenico"]
[Black "Sattanino, Andrea"]
[Result "1-0"]
[WhiteElo "1700"]
[BlackElo "1701"]
[PlyCount "46"]
[EventDate "2006.10.28"]

1. e4 c5 2. Nf3 d6 3. d4 cxd4 4. Nxd4 Nc6 5. Bc4 g6 6. Be3 Bg7 7. O-O Nf6 8.
Nc3 O-O 9. Qd2 Re8 10. Nxc6 bxc6 11. Bh6 Bh8 12. h3 Bb7 13. Rad1 Nd7 14. Kh1
Qa5 15. f4 Qh5 16. f5 Ne5 17. Be2 Qh4 18. Bg5 Qg3 19. Bf4 Qh4 20. Kh2 Nd7 21.
Bg5 Be5+ 22. Bf4 Bxf4+ 23. Rxf4 Qf6 1-0

[Event "Weekend A Autunno"]
[Site "Torino ITA"]
[Date "2006.11.??"]
[Round "7"]
[White "Malano, Francesco"]
[Black "Matta, Francesca"]
[Result "0-1"]
[WhiteElo "2000"]
[BlackElo "1866"]
[PlyCount "47"]
[EventDate "2006.10.28"]

1. d4 Nf6 2. c4 g6 3. Nc3 Bg7 4. e4 d6 5. f3 O-O 6. Be3 c6 7. Qd2 a6 8. Nge2 b5
9. b3 Nbd7 10. g4 e5 11. Ng3 exd4 12. Bxd4 Ne5 13. Be2 bxc4 14. bxc4 Be6 15. c5
Nc4 16. Bxc4 Bxc4 17. cxd6 Qxd6 18. e5 Qe6 19. h3 Rfd8 20. Kf2 c5 21. exf6 Rxd4
22. Qg5 Bxf6 23. Qxc5 Rd2+ 24. Nce2 0-1

[Event "Weekend A Autunno"]
[Site "Torino ITA"]
[Date "2006.11.??"]
[Round "7"]
[White "Masi, Adamo"]
[Black "Martin, Tiziano"]
[Result "1-0"]
[WhiteElo "1874"]
[BlackElo "2015"]
[PlyCount "71"]
[EventDate "2006.10.28"]

1. Nf3 d6 2. d4 Nf6 3. g3 Bg4 4. Bg2 c6 5. O-O Nbd7 6. Re1 e5 7. c3 e4 8. Nfd2
d5 9. f3 exf3 10. exf3+ Be6 11. Bh3 Be7 12. Bxe6 fxe6 13. Rxe6 O-O 14. Nf1 Re8
15. Qe1 Nf8 16. Re2 Ng6 17. Nbd2 Qd7 18. Nb3 Bd6 19. Rxe8+ Rxe8 20. Qf2 Rf8 21.
Qg2 h6 22. Be3 b6 23. Re1 Qf7 24. Nfd2 h5 25. Bg5 Nh7 26. f4 Nxg5 27. fxg5 Qf5
28. Qe2 Rf7 29. Rf1 Qxg5 30. Qe8+ Rf8 31. Qe6+ Kh7 32. Qxd6 Qe3+ 33. Kh1 Rxf1+
34. Nxf1 Qf2 35. Nbd2 h4 36. Qe6 1-0

[Event "Weekend A Autunno"]
[Site "Torino ITA"]
[Date "2006.11.??"]
[Round "7"]
[White "Pulito, Alberto"]
[Black "Sorcinelli, Francesco"]
[Result "1/2-1/2"]
[WhiteElo "2230"]
[BlackElo "2108"]
[PlyCount "24"]
[EventDate "2006.10.28"]

1. e4 e5 2. Nf3 Nc6 3. Bc4 Nf6 4. d3 Be7 5. O-O O-O 6. c3 d6 7. Bb3 Bg4 8. Nbd2
Kh8 9. Re1 Ng8 10. h3 Bh5 11. Nf1 Bg6 12. d4 Qe8 1/2-1/2

[Event "Weekend A Autunno"]
[Site "Torino ITA"]
[Date "2006.11.??"]
[Round "7"]
[White "Turchetta, Gianluca"]
[Black "Torrione, William"]
[Result "0-1"]
[WhiteElo "1584"]
[BlackElo "1890"]
[PlyCount "46"]
[EventDate "2006.10.28"]

1. e4 e6 2. d4 d5 3. exd5 exd5 4. Nf3 Bf5 5. Bd3 Bxd3 6. Qxd3 c6 7. O-O Bd6 8.
Re1+ Ne7 9. Nbd2 O-O 10. Ng5 Ng6 11. Ndf3 Re8 12. Bd2 Rxe1+ 13. Rxe1 Nd7 14.
Nxf7 Bxh2+ 15. Kxh2 Kxf7 16. Ng5+ Kg8 17. Qf5 Qc7+ 18. Kg1 Ndf8 19. Bb4 Qd7 20.
Qxd7 Nxd7 21. Kf1 Nf6 22. Be7 Nd7 23. Ne6 Nxe7 0-1

[Event "Weekend A Autunno"]
[Site "Torino ITA"]
[Date "2006.11.??"]
[Round "7"]
[White "Viglino, Antonio"]
[Black "Degrassi, Sergio"]
[Result "1/2-1/2"]
[WhiteElo "1785"]
[BlackElo "1879"]
[PlyCount "92"]
[EventDate "2006.10.28"]

1. Nf3 d5 2. c4 c6 3. g3 Nf6 4. Bg2 e6 5. d4 Be7 6. O-O O-O 7. Qc2 Nbd7 8. b3
b5 9. c5 a5 10. Nbd2 b4 11. Bb2 Qc7 12. Rfe1 Bb7 13. e4 dxe4 14. Nxe4 Nd5 15.
Neg5 Bxg5 16. Nxg5 N7f6 17. Be4 Nxe4 18. Rxe4 g6 19. Rh4 h5 20. Re1 Qe7 21.
Rxh5 Nf6 22. Rh4 Rfd8 23. Re3 Rd5 24. Ne4 Nh5 25. Nd6 Ba6 26. Qe4 Rd8 27. Rf3
Rf8 28. Bc1 f5 29. Qe1 Qg7 30. Qxe6+ Kh7 31. g4 Rxd4 32. Qe1 fxg4 33. Rxf8 Qxf8
34. Be3 Qf6 35. Rxh5+ gxh5 36. Bxd4 Qxd4 37. Qe7+ Kg6 38. Qf7+ Kg5 39. Qe7+ Kg6
40. Qe6+ Qf6 41. Qe4+ Kg5 42. Qe3+ Kg6 43. Qe4+ Kg5 44. h4+ gxh3 45. Qe3+ Kg6
46. Qe4+ Kg5 1/2-1/2

[Event "Weekend A Autunno"]
[Site "Torino ITA"]
[Date "2006.11.??"]
[Round "7"]
[White "Vozza, Nicola"]
[Black "Finocchiaro, Gianluca"]
[Result "1-0"]
[WhiteElo "1978"]
[BlackElo "1953"]
[PlyCount "35"]
[EventDate "2006.10.28"]

1. d4 Nf6 2. c4 g6 3. Nc3 d5 4. cxd5 Nxd5 5. e4 Nxc3 6. bxc3 Bg7 7. Nf3 c5 8.
Rb1 O-O 9. Be2 Nc6 10. d5 Bxc3+ 11. Bd2 Bxd2+ 12. Qxd2 Nb8 13. h4 h5 14. Qh6
Qa5+ 15. Kf1 Qxa2 16. Re1 Qb2 17. e5 Bf5 18. Ng5 1-0

[Event "Weekend A Autunno"]
[Site "Torino ITA"]
[Date "2006.11.??"]
[Round "7"]
[White "Xausa, Flavio"]
[Black "Mori, Andrea"]
[Result "1-0"]
[WhiteElo "2088"]
[BlackElo "2034"]
[PlyCount "59"]
[EventDate "2006.10.28"]

1. d4 Nf6 2. c4 e6 3. g3 d5 4. Bg2 c6 5. Nf3 Nbd7 6. O-O Be7 7. Nc3 O-O 8. b3
a6 9. Re1 b5 10. Nd2 b4 11. Na4 Qc7 12. Bb2 Rd8 13. Qc2 Ra7 14. Rac1 Qd6 15. e4
dxe4 16. Nxe4 Nxe4 17. Qxe4 Bb7 18. Qe3 Qb8 19. Rcd1 Bf6 20. f4 Ba8 21. Qf2 Nf8
22. Nc5 a5 23. Qc2 Nd7 24. Ne4 Qb6 25. Qf2 Be7 26. f5 Rf8 27. h3 exf5 28. Qxf5
Nf6 29. Nxf6+ Bxf6 30. Be4 1-0

[Event "Autunno Scacchistico Magistrale"]
[Site "Venezia ITA"]
[Date "2006.11.03"]
[Round "1"]
[White "Allegranti, Luca"]
[Black "Vianello, Enrico"]
[Result "0-1"]
[WhiteElo "2023"]
[BlackElo "2164"]
[PlyCount "36"]
[EventDate "2006.11.03"]

1. d4 d5 2. Nf3 Nc6 3. Bf4 Bg4 4. Nbd2 e6 5. c3 Bd6 6. Bg3 Nf6 7. Qb3 Rb8 8. e3
O-O 9. Bd3 Qe7 10. Bxd6 cxd6 11. O-O-O b5 12. h3 Bxf3 13. gxf3 b4 14. c4 Na5
15. Qa4 Nxc4 16. Kb1 Rfc8 17. f4 Qc7 18. b3 Na3+ 0-1

[Event "Autunno Scacchistico Magistrale"]
[Site "Venezia ITA"]
[Date "2006.11.03"]
[Round "1"]
[White "Barletta, Mauro"]
[Black "Pomaro, Alberto"]
[Result "1/2-1/2"]
[WhiteElo "2244"]
[BlackElo "2057"]
[PlyCount "90"]
[EventDate "2006.11.03"]

1. c4 Nf6 2. Nc3 g6 3. g3 Bg7 4. Bg2 O-O 5. e4 d6 6. Nge2 e5 7. d3 Nc6 8. O-O
Nd7 9. Be3 Nc5 10. Qd2 a5 11. Rad1 Nd4 12. Bh6 Bh3 13. Nxd4 Bxg2 14. Bxg7 Bxf1
15. Bxf8 Bxd3 16. Bh6 exd4 17. Nd5 c6 18. Bg5 Nxe4 19. Bxd8 Nxd2 20. Nf6+ Kg7
21. Rxd2 Rxd8 22. Rxd3 Kxf6 23. Rxd4 Ke5 24. Rd3 d5 25. Re3+ Kf6 26. Rf3+ Ke6
27. Re3+ Kd6 28. cxd5 cxd5 29. Kf1 Re8 30. Ra3 Re7 31. Rxa5 d4 32. Ra8 Kd5 33.
Rc8 g5 34. h3 f5 35. b3 f4 36. gxf4 gxf4 37. Rd8+ Ke4 38. Ke2 b5 39. f3+ Kf5+
40. Kd3 Re3+ 41. Kxd4 Rxf3 42. Rd5+ Ke6 43. Re5+ Kd6 44. Rxb5 Rxh3 45. Ke4 f3
1/2-1/2

[Event "Autunno Scacchistico Magistrale"]
[Site "Venezia ITA"]
[Date "2006.11.03"]
[Round "1"]
[White "Battistini, Matteo"]
[Black "Drasko, Milan"]
[Result "0-1"]
[WhiteElo "2112"]
[BlackElo "2547"]
[PlyCount "66"]
[EventDate "2006.11.03"]

1. c4 Nf6 2. g3 c6 3. Bg2 d5 4. Nf3 Bg4 5. Ne5 Be6 6. O-O Nbd7 7. cxd5 Bxd5 8.
Nf3 c5 9. d3 Bc6 10. Nbd2 g6 11. a4 Bg7 12. Nc4 O-O 13. Bd2 b6 14. Bc3 Rc8 15.
e4 Ne8 16. Bxg7 Nxg7 17. d4 Bxe4 18. Re1 Nf6 19. dxc5 Rxc5 20. Qxd8 Rxd8 21.
Ncd2 Bxf3 22. Nxf3 Nf5 23. Ne5 Rd2 24. Rac1 Rxc1 25. Rxc1 Rxb2 26. Nc6 a5 27.
Bf1 Kf8 28. Nxa5 bxa5 29. Rc5 Ne4 30. Rxa5 Nxf2 31. Rb5 Ra2 32. a5 Ne3 33. a6
Nxf1 0-1

[Event "Autunno Scacchistico Magistrale"]
[Site "Venezia ITA"]
[Date "2006.11.03"]
[Round "1"]
[White "Blagojevic, Dragisa"]
[Black "Pastres, Roberto"]
[Result "1-0"]
[WhiteElo "2534"]
[BlackElo "2104"]
[PlyCount "45"]
[EventDate "2006.11.03"]

1. d4 d5 2. c4 c6 3. Nc3 e6 4. e3 f5 5. Bd3 Nf6 6. Nge2 Be7 7. O-O O-O 8. f3
Na6 9. a3 c5 10. cxd5 cxd4 11. Nxd4 Nxd5 12. Nxd5 Qxd5 13. Qe2 Qd6 14. Rd1 Qb6
15. Bc4 Kh8 16. Bd2 Bd7 17. Nb3 Nc5 18. Ba5 Qc6 19. Nd4 Qc8 20. Rac1 b6 21. Be1
e5 22. Nb5 Rf6 23. Bh4 1-0

[Event "Autunno Scacchistico Magistrale"]
[Site "Venezia ITA"]
[Date "2006.11.03"]
[Round "1"]
[White "Cereda, Loris"]
[Black "Coratella, Giuseppe"]
[Result "1-0"]
[WhiteElo "2056"]
[BlackElo "2224"]
[PlyCount "65"]
[EventDate "2006.11.03"]

1. e4 e6 2. d4 d5 3. exd5 exd5 4. Nf3 Nf6 5. Bg5 Bf5 6. Qe2+ Qe7 7. Bxf6 gxf6
8. Nc3 c6 9. Qxe7+ Bxe7 10. O-O-O Nd7 11. Bd3 Bg6 12. Rhe1 Nf8 13. Nh4 Ne6 14.
Bf5 Kd7 15. g3 b5 16. f4 Bd6 17. Bg4 b4 18. Nb1 Be4 19. Nd2 Rhg8 20. Nxe4 dxe4
21. Bxe6+ fxe6 22. Rxe4 f5 23. Re2 Be7 24. Nf3 Bf6 25. Ne5+ Kd6 26. Nxc6 a5 27.
Rde1 Rge8 28. Ne5 Rac8 29. Kd2 Kd5 30. Kd3 h5 31. c4+ Kd6 32. c5+ Kd5 33. Nc4
1-0

[Event "Autunno Scacchistico Magistrale"]
[Site "Venezia ITA"]
[Date "2006.11.03"]
[Round "1"]
[White "Di Lascio, Savino"]
[Black "Mileto, Gabriele"]
[Result "1/2-1/2"]
[WhiteElo "2030"]
[BlackElo "2189"]
[PlyCount "62"]
[EventDate "2006.11.03"]

1. Nf3 g6 2. g3 Bg7 3. Bg2 Nf6 4. d3 O-O 5. O-O d5 6. c3 c5 7. Nbd2 Nc6 8. Re1
Qc7 9. e4 Rd8 10. Qe2 b6 11. h3 dxe4 12. dxe4 e5 13. Nf1 h6 14. N3h2 Be6 15.
Ne3 Qd7 16. Neg4 Nxg4 17. Nxg4 h5 18. Ne3 Bxh3 19. Nd5 Bxg2 20. Kxg2 f6 21. Bh6
Ne7 22. Rad1 Nxd5 23. Rxd5 Qe7 24. Qc4 Kh7 25. Bxg7 Kxg7 26. Red1 Rxd5 27. Qxd5
Rf8 28. Qc6 Rf7 29. Rd6 Kh7 30. Qd5 Kg7 31. Qc6 Qf8 1/2-1/2

[Event "Autunno Scacchistico Magistrale"]
[Site "Venezia ITA"]
[Date "2006.11.03"]
[Round "1"]
[White "Efimov, Igor"]
[Black "Zoldan, Matteo"]
[Result "1-0"]
[WhiteElo "2412"]
[BlackElo "2103"]
[PlyCount "73"]
[EventDate "2006.11.03"]

1. d4 Nf6 2. c4 g6 3. Nc3 Bg7 4. e4 d6 5. Be2 Na6 6. h4 c5 7. d5 h5 8. Nf3 Bg4
9. Ng5 Bxe2 10. Qxe2 Nc7 11. Bf4 Ng4 12. f3 Ne5 13. Bd2 Qd7 14. a4 Na6 15. O-O
Nb4 16. f4 Ng4 17. e5 dxe5 18. Nce4 exf4 19. Rxf4 Bd4+ 20. Kh1 O-O 21. Raf1 Nf6
22. Bc3 Nxe4 23. Rxe4 Bf6 24. Bxf6 exf6 25. Rxf6 Qxa4 26. Re7 Qc2 27. Qxc2 Nxc2
28. Nxf7 Kg7 29. Rf1 Nd4 30. Rxb7 a5 31. Ng5+ Kg8 32. Rxf8+ Rxf8 33. Rc7 Rf1+
34. Kh2 Nb3 35. d6 Rd1 36. d7 Kf8 37. Ne6+ 1-0

[Event "Autunno Scacchistico Magistrale"]
[Site "Venezia ITA"]
[Date "2006.11.03"]
[Round "1"]
[White "Fattorelli, Luciano"]
[Black "Del Monaco, Andrea"]
[Result "0-1"]
[WhiteElo "2059"]
[BlackElo "2248"]
[PlyCount "84"]
[EventDate "2006.11.03"]

1. e4 c5 2. Nc3 e6 3. g3 Nc6 4. Bg2 g6 5. d3 Bg7 6. Be3 d6 7. Qd2 Rb8 8. Nge2
Nd4 9. O-O b5 10. Rae1 Ne7 11. f4 O-O 12. g4 b4 13. Nd1 f5 14. h3 Qa5 15. a3
Nxe2+ 16. Rxe2 Bd7 17. axb4 Qxb4 18. Qxb4 Rxb4 19. e5 Nc8 20. c3 Rb5 21. d4
cxd4 22. Bxd4 a5 23. gxf5 gxf5 24. c4 Rb4 25. Ne3 Be8 26. Rd2 dxe5 27. Bc5 exf4
28. Bxf8 Kxf8 29. Rd8 fxe3 30. Rxc8 Bd4 31. Re1 Ke7 32. Bc6 Bg6 33. Rc7+ Kf6
34. Bf3 Rxb2 35. c5 Rf2 36. Bd1 e2 37. Bxe2 Rxe2+ 38. Kf1 Rf2+ 39. Kg1 Rc2+ 40.
Kf1 Rxc5 41. Rd7 e5 42. Rb1 f4 0-1

[Event "Autunno Scacchistico Magistrale"]
[Site "Venezia ITA"]
[Date "2006.11.03"]
[Round "1"]
[White "Genocchio, Daniele"]
[Black "Rossato, Armando"]
[Result "1-0"]
[WhiteElo "2338"]
[BlackElo "2093"]
[PlyCount "51"]
[EventDate "2006.11.03"]

1. e4 c6 2. d4 d6 3. Nc3 g6 4. Bc4 Bg7 5. Qf3 e6 6. Bf4 Ne7 7. Rd1 O-O 8. Qg3
d5 9. Bxb8 dxc4 10. Bc7 Qd7 11. Nf3 f5 12. Bf4 fxe4 13. Ne5 Qe8 14. Nxe4 Nf5
15. Qh3 c5 16. dxc5 Qa4 17. O-O Qxc2 18. Rfe1 Qa4 19. g4 Ne7 20. Bh6 Nd5 21.
Bxg7 Kxg7 22. g5 Qe8 23. Qh6+ Kh8 24. Rxd5 exd5 25. Nf6 Rxf6 26. gxf6 1-0

[Event "Autunno Scacchistico Magistrale"]
[Site "Venezia ITA"]
[Date "2006.11.03"]
[Round "1"]
[White "Giuriati, Paolo"]
[Black "Zanin, Dario"]
[Result "1-0"]
[WhiteElo "2209"]
[BlackElo "2059"]
[PlyCount "141"]
[EventDate "2006.11.03"]

1. d4 Nf6 2. Bf4 g6 3. e3 Bg7 4. Nd2 O-O 5. Ngf3 d6 6. h3 Nc6 7. Bc4 Nd7 8. c3
e5 9. Bg5 Qe8 10. O-O e4 11. Ne1 Nb6 12. Bb3 Be6 13. Bc2 d5 14. c4 f5 15. cxd5
Nxd5 16. Bb3 h6 17. Bxd5 Bxd5 18. Bf4 Qe7 19. Bh2 f4 20. Qg4 fxe3 21. fxe3
Rxf1+ 22. Nxf1 Kh7 23. Nc2 Rf8 24. Qe2 Qf7 25. b3 a5 26. Nd2 Qe7 27. Qb5 Rf5
28. Rf1 Rxf1+ 29. Nxf1 Qf7 30. Nd2 Bf6 31. Qf1 Qe7 32. Qf4 Bg5 33. Qf2 b5 34.
Nf1 a4 35. Nd2 axb3 36. Nxb3 Bc4 37. Bf4 Bh4 38. Bg3 Bg5 39. h4 Bf6 40. h5 Bf7
41. hxg6+ Bxg6 42. Qf4 Bg5 43. Qxc7 Qxc7 44. Bxc7 Ne7 45. Bd8 Bh5 46. Kf2 Kg7
47. Nc5 Bg6 48. Nb4 Kf7 49. a3 Bf6 50. Nd7 Bg7 51. Bc7 Ke6 52. Nc5+ Kf5 53. d5
Be8 54. d6 Ng6 55. d7 Bxd7 56. Nxd7 Bb2 57. Nc2 Ne7 58. Nc5 Nd5 59. Ba5 Nf6 60.
Nb3 Ng4+ 61. Ke2 Ke5 62. Nbd4 Kd5 63. Nxb5 Kc4 64. Nbd4 Ne5 65. Bc7 Nd3 66. a4
Bc1 67. g4 Nc5 68. a5 Na6 69. Bf4 Nc5 70. Bxh6 Nd7 71. a6 1-0

[Event "Autunno Scacchistico Magistrale"]
[Site "Venezia ITA"]
[Date "2006.11.03"]
[Round "1"]
[White "Massironi, Marco"]
[Black "Rorato, Giovanni Riccardo"]
[Result "1/2-1/2"]
[WhiteElo "2193"]
[BlackElo "2039"]
[PlyCount "132"]
[EventDate "2006.11.03"]

1. e4 c6 2. Nf3 d5 3. exd5 cxd5 4. Ne5 Nf6 5. d4 Nc6 6. Bb5 Bd7 7. Nxd7 Qxd7 8.
c3 e6 9. O-O Bd6 10. Nd2 a6 11. Bd3 O-O 12. Re1 e5 13. dxe5 Nxe5 14. Nf3 Rfe8
15. Bg5 Qg4 16. Nxe5 Qxg5 17. Nf3 Rxe1+ 18. Qxe1 Qf4 19. Qd2 Qxd2 20. Nxd2 Re8
21. Rd1 Rd8 22. Nf3 Ne4 23. Bc2 Bc7 24. Bb3 Nf6 25. Nd4 Bb6 26. Kf1 g6 27. h3
h5 28. Nc2 Kf8 29. Rd3 Ke7 30. Ne3 d4 31. Nc4 dxc3 32. Rxc3 Bd4 33. Rc2 Rd7 34.
Re2+ Kd8 35. Ne5 Bxe5 36. Rxe5 Re7 37. Rxe7 Kxe7 38. Ke2 Nd7 39. Bd5 b6 40. Ke3
f6 41. Kd4 Kd6 42. Bc4 a5 43. Bf7 Ne5 44. Be8 Nc6+ 45. Kc4 Ne7 46. Kb5 Kc7 47.
g3 Kb7 48. h4 Kc7 49. Ka6 Kd8 50. Bf7 Kc7 51. a3 Kc6 52. b4 axb4 53. axb4 Kc7
54. b5 g5 55. hxg5 fxg5 56. Bxh5 Nd5 57. Be2 Nf6 58. Bf3 Ne8 59. Bg4 Nf6 60.
Bf5 Nd5 61. f3 Nf6 62. Be6 Ne8 63. Bf7 Nf6 64. g4 Nd7 65. Bc4 Ne5 66. Bd5 Ng6
1/2-1/2

[Event "Autunno Scacchistico Magistrale"]
[Site "Venezia ITA"]
[Date "2006.11.03"]
[Round "1"]
[White "Molina, Fabrizio"]
[Black "Gallo, Enrico"]
[Result "1-0"]
[WhiteElo "2276"]
[BlackElo "2061"]
[PlyCount "77"]
[EventDate "2006.11.03"]

1. c4 e5 2. g3 Nf6 3. Bg2 Bc5 4. Nc3 c6 5. Qc2 O-O 6. Nf3 Re8 7. O-O a5 8. d3
h6 9. Na4 Ba7 10. a3 Na6 11. e3 d5 12. b3 Bf5 13. Nh4 Be6 14. Bb2 b5 15. Nc3
Qd7 16. Ne2 Bh3 17. Nf3 Bxg2 18. Kxg2 Qf5 19. Rac1 bxc4 20. bxc4 Qh5 21. cxd5
cxd5 22. Qc6 e4 23. dxe4 dxe4 24. Nfd4 Ng4 25. h3 Ne5 26. Qd5 Rad8 27. Qxa5 Qg6
28. Nf4 Qf6 29. Ba1 g5 30. Nd5 Qd6 31. Nf5 Qe6 32. Nde7+ Rxe7 33. Nxe7+ Qxe7
34. Qxe5 Qxe5 35. Bxe5 Nc5 36. Bd4 Rxd4 37. exd4 Nb3 38. Rc8+ Kg7 39. Rb1 1-0

[Event "Autunno Scacchistico Magistrale"]
[Site "Venezia ITA"]
[Date "2006.11.03"]
[Round "1"]
[White "Omeri, Silvan"]
[Black "Laketic, Gojko"]
[Result "0-1"]
[WhiteElo "2103"]
[BlackElo "2441"]
[PlyCount "102"]
[EventDate "2006.11.03"]

1. e4 c6 2. d4 d5 3. Nc3 dxe4 4. Nxe4 Bf5 5. Ng3 Bg6 6. Nf3 Nf6 7. h4 h6 8. h5
Bh7 9. Bd3 Bxd3 10. Qxd3 Nbd7 11. Be3 e6 12. O-O-O Qc7 13. Ne4 Be7 14. Nxf6+
Bxf6 15. g4 O-O-O 16. Qa3 a6 17. g5 hxg5 18. Nxg5 Nb6 19. Ne4 Be7 20. Qb3 Nd5
21. c4 Nxe3 22. fxe3 f5 23. Nc3 Bg5 24. Na4 e5 25. Kb1 Rh6 26. Nb6+ Kb8 27.
dxe5 c5 28. Rxd8+ Bxd8 29. Nd5 Qxe5 30. Qd3 g6 31. Rd1 gxh5 32. Rf1 h4 33. Qxf5
Qxf5+ 34. Rxf5 h3 35. Rf1 h2 36. Rh1 Bc7 37. Nf4 Bxf4 38. exf4 Kc7 39. Kc2 Rh3
40. Kd2 Kd6 41. Ke2 Ke6 42. Kf2 Kf5 43. Kg2 Rh7 44. Kg3 a5 45. b3 b6 46. Kf3
Rh4 47. Kg3 Rh8 48. Kf3 Rh3+ 49. Kg2 Kg4 50. Rxh2 Rxh2+ 51. Kxh2 Kxf4 0-1

[Event "Autunno Scacchistico Magistrale"]
[Site "Venezia ITA"]
[Date "2006.11.03"]
[Round "1"]
[White "Pechy, Alaster"]
[Black "Guclu, Yaman"]
[Result "1/2-1/2"]
[WhiteElo "2176"]
[BlackElo "2026"]
[PlyCount "48"]
[EventDate "2006.11.03"]

1. d4 Nf6 2. c4 g6 3. Nc3 Bg7 4. e4 d6 5. f3 O-O 6. Be3 Nc6 7. Nge2 a6 8. Qd2
Rb8 9. Nc1 Bd7 10. Nb3 Na7 11. Bd3 b5 12. cxb5 Nxb5 13. Ne2 c6 14. O-O Nh5 15.
Rfc1 f5 16. exf5 gxf5 17. Bc4+ Kh8 18. Bh6 Bxh6 19. Qxh6 Qe8 20. Nf4 Nxf4 21.
Qxf4 Nc7 22. Qd2 f4 23. Re1 Rf6 24. Nc1 Be6 1/2-1/2

[Event "Autunno Scacchistico Magistrale"]
[Site "Venezia ITA"]
[Date "2006.11.03"]
[Round "1"]
[White "Pfeifer, Andreas"]
[Black "Zarpellon, Daniel"]
[Result "1/2-1/2"]
[WhiteElo "2130"]
[BlackElo "1995"]
[PlyCount "122"]
[EventDate "2006.11.03"]

1. e4 c5 2. Nf3 Nc6 3. d4 cxd4 4. Nxd4 g6 5. c4 Bg7 6. Be3 d6 7. Nc3 Nf6 8. Be2
O-O 9. O-O Bd7 10. Rc1 Nxd4 11. Bxd4 Bc6 12. Qd3 Nd7 13. Bxg7 Kxg7 14. b4 Nf6
15. Rfd1 Qc7 16. Qd4 Kg8 17. b5 Bd7 18. Nd5 Nxd5 19. cxd5 Qa5 20. Qc3 Qxc3 21.
Rxc3 Rfc8 22. Rdc1 Rxc3 23. Rxc3 Rc8 24. Rxc8+ Bxc8 25. f4 Kf8 26. Kf2 Ke8 27.
Ke3 Kd8 28. Kd4 Kc7 29. Kc4 Kb6 30. Kb4 Bd7 31. a4 h6 32. a5+ Kc7 33. Kc4 b6
34. a6 f6 35. Kd4 Kd8 36. Bd3 Ke8 37. e5 Kf8 38. h4 Kg7 39. exd6 exd6 40. Be2
g5 41. hxg5 fxg5 42. fxg5 hxg5 43. g3 Kf6 44. Bd3 Bg4 45. Bf1 Kg6 46. Ke4 Kh5
47. Kd4 Kg6 48. Ke4 Kf6 49. Kd4 Bd1 50. Bh3 Be2 51. Bd7 Ke7 52. Ke3 Bf1 53. Bc6
Bh3 54. Kd4 Bc8 55. Bb7 Bf5 56. Bc6 Kf6 57. Be8 Bh3 58. Bc6 Bf1 59. Bd7 Kg6 60.
Be8+ Kh6 61. Ke4 Bh3 1/2-1/2

[Event "Autunno Scacchistico Magistrale"]
[Site "Venezia ITA"]
[Date "2006.11.03"]
[Round "1"]
[White "Quaranta, Cristiano"]
[Black "Dvirnyy, Danyyil"]
[Result "0-1"]
[WhiteElo "2086"]
[BlackElo "2323"]
[PlyCount "84"]
[EventDate "2006.11.03"]

1. d4 Nf6 2. Nf3 g6 3. c4 Bg7 4. Nc3 O-O 5. e4 d6 6. h3 Nc6 7. d5 Ne5 8. Nxe5
dxe5 9. Bg5 h6 10. Be3 Kh7 11. Qd2 e6 12. Rd1 exd5 13. cxd5 Ne8 14. Bd3 Nd6 15.
O-O f5 16. f3 f4 17. Bf2 Bd7 18. Qe2 a6 19. Qc2 g5 20. Rc1 h5 21. Be2 Rf7 22.
Nb1 Bc8 23. Nd2 Qf6 24. Nc4 g4 25. Nxd6 cxd6 26. fxg4 hxg4 27. Bxg4 Bxg4 28.
hxg4 Bh6 29. Qd3 Rg8 30. Qf3 Rfg7 31. Bb6 Rxg4 32. Rc7+ Kh8 33. Rf2 Qh4 34. Rc3
Rg3 35. Qe2 R3g5 36. Qf3 Rh5 37. Rf1 Qh2+ 38. Kf2 Rg3 39. Rc8+ Kh7 40. Rc7+ Bg7
41. Qd1 Qxg2+ 42. Ke1 Qxe4+ 0-1